000
00222nam a22000857a 4500
008
160928b xxu||||| |||| 00| 0 eng d
100
_9
775
_a
Pal.R.etal
245
_a
English Reader-7
260
_a
New Delhi
_b
S.C. Publications
_c
2011
999
_c
3431
_d
3431